Giáo trình kinh tế các ngành thương mại - dịch vụ
vv
Đã lưu trong:
| Tác giả chính: | |
|---|---|
| Định dạng: | Sách |
| Năm xuất bản: |
H.
Thống kê
2003
|
| Chủ đề: | |
| Tags: |
Thêm thẻ
Không có thẻ, Hãy là người đầu tiên gắn thẻ bản ghi này!
|
| LEADER | 04342nam a2200397 4500 | ||
|---|---|---|---|
| 999 | |c 1234 |d 1234 | ||
| 082 | |a 381.071 |b Gi108tr. | ||
| 100 | |a Đặng Đình Đào | ||
| 245 | |a Giáo trình kinh tế các ngành thương mại - dịch vụ |c Đặng Đình Đào, Hoàng Đức Thân, Nguyễn Văn Tuấn,... | ||
| 260 | |a H. |b Thống kê |c 2003 | ||
| 300 | |a 331tr. |c 21cm | ||
| 520 | |a vv | ||
| 653 | |a Kinh tế thương mại | ||
| 653 | |a Dịch vụ | ||
| 653 | |a Giáo trình | ||
| 942 | |2 ddc |c STK0 | ||
| 952 | |0 0 |1 0 |2 ddc |4 0 |6 381_071000000000000_GI108TR |7 1 |8 300 |9 23815 |a qbu |b qbu |c D2 |d 2014-12-05 |g 35000 |o 381.071 Gi108tr |p 1611.C1 |r 0000-00-00 |w 2014-12-05 |y STK0 | ||
| 952 | |0 0 |1 0 |2 ddc |4 0 |6 381_071000000000000_GI108TR |7 0 |8 300 |9 23816 |a qbu |b qbu |c D2 |d 2014-12-05 |g 35000 |o 381.071 Gi108tr |p 1611.C2 |r 0000-00-00 |w 2014-12-05 |y STK0 |0 0 |6 381_071000000000000_GI108TR | ||
| 952 | |0 0 |1 0 |2 ddc |4 0 |6 381_071000000000000_GI108TR |7 0 |8 300 |9 23817 |a qbu |b qbu |c D2 |d 2014-12-05 |g 35000 |o 381.071 Gi108tr |p 1611.C3 |r 0000-00-00 |w 2014-12-05 |y STK0 |0 0 |6 381_071000000000000_GI108TR | ||
| 952 | |0 0 |1 0 |2 ddc |4 0 |6 381_071000000000000_GI108TR |7 0 |8 300 |9 23818 |a qbu |b qbu |c D2 |d 2014-12-05 |g 35000 |o 381.071 Gi108tr |p 1611.C4 |r 0000-00-00 |w 2014-12-05 |y STK0 |0 0 |6 381_071000000000000_GI108TR | ||
| 952 | |0 0 |1 0 |2 ddc |4 0 |6 381_071000000000000_GI108TR |7 0 |8 300 |9 23819 |a qbu |b qbu |c D2 |d 2014-12-05 |g 35000 |o 381.071 Gi108tr |p 1611.C5 |r 0000-00-00 |w 2014-12-05 |y STK0 |0 0 |6 381_071000000000000_GI108TR | ||
| 952 | |0 0 |1 0 |2 ddc |4 0 |6 381_071000000000000_GI108TR |7 0 |8 300 |9 23820 |a qbu |b qbu |c D2 |d 2014-12-05 |g 35000 |o 381.071 Gi108tr |p 1611.C6 |r 0000-00-00 |w 2014-12-05 |y STK0 |0 0 |6 381_071000000000000_GI108TR | ||
| 952 | |0 0 |1 0 |2 ddc |4 0 |6 381_071000000000000_GI108TR |7 0 |8 300 |9 23821 |a qbu |b qbu |c D2 |d 2014-12-05 |g 35000 |o 381.071 Gi108tr |p 1611.C7 |r 0000-00-00 |w 2014-12-05 |y STK0 |0 0 |6 381_071000000000000_GI108TR | ||
| 952 | |0 0 |1 0 |2 ddc |4 0 |6 381_071000000000000_GI108TR |7 0 |8 300 |9 23822 |a qbu |b qbu |c D2 |d 2014-12-05 |g 35000 |o 381.071 Gi108tr |p 1611.C8 |r 0000-00-00 |w 2014-12-05 |y STK0 |0 0 |6 381_071000000000000_GI108TR | ||
| 952 | |0 0 |1 0 |2 ddc |4 0 |6 381_071000000000000_GI108TR |7 0 |8 300 |9 23823 |a qbu |b qbu |c D2 |d 2014-12-05 |g 35000 |o 381.071 Gi108tr |p 1611.C9 |r 0000-00-00 |w 2014-12-05 |y STK0 |0 0 |6 381_071000000000000_GI108TR | ||
| 952 | |0 0 |1 0 |2 ddc |4 0 |6 381_071000000000000_GI108TR |7 0 |8 300 |9 23824 |a qbu |b qbu |c D2 |d 2014-12-05 |g 35000 |o 381.071 Gi108tr |p 1611.C10 |r 0000-00-00 |w 2014-12-05 |y STK0 |0 0 |6 381_071000000000000_GI108TR | ||
| 952 | |0 0 |1 0 |2 ddc |4 0 |6 381_071000000000000_GI108TR |7 0 |8 300 |9 23825 |a qbu |b qbu |c D2 |d 2014-12-05 |g 35000 |o 381.071 Gi108tr |p 1611.C11 |r 0000-00-00 |w 2014-12-05 |y STK0 |0 0 |6 381_071000000000000_GI108TR | ||
| 952 | |0 0 |1 0 |2 ddc |4 0 |6 381_071000000000000_GI108TR |7 0 |8 300 |9 23826 |a qbu |b qbu |c D2 |d 2014-12-05 |g 35000 |o 381.071 Gi108tr |p 1611.C12 |r 0000-00-00 |w 2014-12-05 |y STK0 |0 0 |6 381_071000000000000_GI108TR | ||
| 952 | |0 0 |1 0 |2 ddc |4 0 |6 381_071000000000000_GI108TR |7 0 |8 300 |9 23827 |a qbu |b qbu |c D2 |d 2014-12-05 |g 35000 |o 381.071 Gi108tr |p 1611.C13 |r 0000-00-00 |w 2014-12-05 |y STK0 |0 0 |6 381_071000000000000_GI108TR | ||
| 952 | |0 0 |1 0 |2 ddc |4 0 |6 381_071000000000000_GI108TR |7 0 |8 300 |9 23828 |a qbu |b qbu |c D2 |d 2014-12-05 |g 35000 |o 381.071 Gi108tr |p 1611.C14 |r 0000-00-00 |w 2014-12-05 |y STK0 |0 0 |6 381_071000000000000_GI108TR | ||
| 952 | |0 0 |1 0 |2 ddc |4 0 |6 381_071000000000000_GI108TR |7 0 |8 300 |9 23829 |a qbu |b qbu |c D2 |d 2014-12-05 |g 35000 |o 381.071 Gi108tr |p 1611.C15 |r 0000-00-00 |w 2014-12-05 |y STK0 |0 0 |6 381_071000000000000_GI108TR | ||
| 952 | |0 0 |1 0 |2 ddc |4 0 |6 381_071000000000000_GI108TR |7 0 |8 300 |9 23830 |a qbu |b qbu |c D2 |d 2014-12-05 |g 35000 |o 381.071 Gi108tr |p 1611.C16 |r 0000-00-00 |w 2014-12-05 |y STK0 |0 0 |6 381_071000000000000_GI108TR | ||
| 952 | |0 0 |1 0 |2 ddc |4 0 |6 381_071000000000000_GI108TR |7 0 |8 300 |9 23831 |a qbu |b qbu |c D2 |d 2014-12-05 |g 35000 |o 381.071 Gi108tr |p 1611.C17 |r 0000-00-00 |w 2014-12-05 |y STK0 |0 0 |6 381_071000000000000_GI108TR | ||
| 952 | |0 0 |1 0 |2 ddc |4 0 |6 381_071000000000000_GI108TR |7 0 |8 300 |9 23832 |a qbu |b qbu |c D2 |d 2014-12-05 |g 35000 |o 381.071 Gi108tr |p 1611.C18 |r 0000-00-00 |w 2014-12-05 |y STK0 |0 0 |6 381_071000000000000_GI108TR | ||
| 952 | |0 0 |1 0 |2 ddc |4 0 |6 381_071000000000000_GI108TR |7 0 |8 300 |9 23833 |a qbu |b qbu |c D2 |d 2014-12-05 |g 35000 |o 381.071 Gi108tr |p 1611.C19 |r 0000-00-00 |w 2014-12-05 |y STK0 |0 0 |6 381_071000000000000_GI108TR | ||
| 952 | |0 0 |1 0 |2 ddc |4 0 |6 381_071000000000000_GI108TR |7 0 |8 300 |9 23834 |a qbu |b qbu |c D2 |d 2014-12-05 |g 35000 |o 381.071 Gi108tr |p 1611.C20 |r 0000-00-00 |w 2014-12-05 |y STK0 |0 0 |6 381_071000000000000_GI108TR | ||